[Event "FRA-ch"]
[Site "France"]
[Date "1996.??.??"]
[Round "5"]
[White "Relange, Eloi"]
[Black "Lepelletier, Benoit"]
[Result "1/2-1/2"]
[WhiteElo "2450"]
[BlackElo "2460"]

1.d4 Nf6 2.Nf3 e6 3.c4 b6 4.a3 Bb7 5.Nc3 g6 6.Qc2 Bg7 7.e4 O-O 8.Bd3 d6 9.O-O Nbd7
10.Re1 h6 11.h3 c5 12.d5 e5 13.b4 Nh5 14.g3 Qe7 15.Rb1 Rfc8 16.Na4 cxb4 17.axb4 b5
18.Nb2 bxc4 19.Nxc4 Nb6 20.Nfd2 Qd7 21.Kh2 f5 22.Qb3 Nxc4 23.Nxc4 fxe4 24.Bxe4 Qf7
25.Be3 Bf8 26.Qd3 Nf6 27.Red1 Nxe4 28.Qxe4 Rc7 29.Na5 Bc8 30.g4 a6 31.Rdc1 Rxc1
32.Rxc1 h5 33.Nc6 hxg4 34.hxg4 Bd7 35.Kg3 Rc8 36.Rd1  1/2-1/2

[Event "FRA-ch"]
[Site "France"]
[Date "1996.??.??"]
[Round "6"]
[White "Touzane, Olivier"]
[Black "Bauer, Christian"]
[Result "0-1"]
[WhiteElo "2495"]
[BlackElo "2465"]

1.d4 Nf6 2.c4 e6 3.Nf3 b6 4.a3 Ba6 5.Qc2 c5 6.d5 exd5 7.cxd5 g6 8.Nc3 Bg7
9.g3 O-O 10.Bg2 d6 11.O-O Re8 12.Re1 h6 13.e4 Bb7 14.Bf4 Nh5 15.Be3 Na6 16.Rad1 Qd7
17.h3 b5 18.g4 Nf6 19.g5 hxg5 20.Bxg5 Nh5 21.Ne2 c4 22.Nf4 Nxf4 23.Bxf4 Nc5
24.Bf1 Rac8 25.Re3 a6 26.e5 dxe5 27.Nxe5 Qd8 28.Nc6 Bxc6 29.dxc6 Qf6 30.Rxe8+ Rxe8
31.Bg3 Qxc6 32.Rd6 Qe4 33.Qd2 Be5 34.Rd8 Bxg3 35.fxg3 Rxd8 36.Qxd8+ Kg7 37.Qd6 Qe3+
38.Kh2 Qf2+ 39.Bg2 Nd3 40.Kh1 Qxb2 41.Qxa6 c3  0-1

[Event "Frydek-Mistek op"]
[Site "Frydek-Mistek"]
[Date "1996.??.??"]
[Round "3"]
[White "Voloshin, Leonid"]
[Black "Chernyshov, Konstantin"]
[Result "1/2-1/2"]
[WhiteElo "2420"]
[BlackElo "2470"]

1.d4 Nf6 2.c4 e6 3.Nf3 b6 4.a3 Bb7 5.Nc3 Ne4 6.Qc2 Nxc3 7.bxc3 f5 8.e3 Be7
9.Bd3 O-O 10.e4 fxe4 11.Bxe4 Bxe4 12.Qxe4 Nc6 13.O-O  1/2-1/2

[Event "ISL-ch"]
[Site "Gardabaer"]
[Date "1996.??.??"]
[Round "5"]
[White "Gretarsson, Helgi Ass"]
[Black "Hjartarson, Johann"]
[Result "1-0"]
[WhiteElo "2450"]
[BlackElo "2570"]

1.d4 Nf6 2.c4 e6 3.Nf3 b6 4.a3 Ba6 5.Qc2 Bb7 6.Nc3 c5 7.d5 exd5 8.cxd5 Nxd5
9.Bg5 f6 10.Nxd5 Bxd5 11.Bf4 Qe7 12.O-O-O Be6 13.e4 g5 14.Bg3 Nc6 15.Bb5 Na5
16.Qc3 Bg7 17.Bd6 Qf7 18.Rhe1 a6 19.Bf1 Nb7 20.h3 b5 21.Kb1 Rc8 22.a4 b4
23.Qe3 Rc6 24.e5 Rg8 25.Bb8 h6 26.exf6 Bxf6 27.Ne5 Bxe5 28.Bxe5 Kd8 29.g4 Na5
30.Rd6 Ba2+ 31.Kc1 Nb3+ 32.Kd1 Rxd6+ 33.Bxd6 Qd5+ 34.Qd3 Nd4 35.Be7+ Kc7
36.Kc1 c4 37.Qg3+ d6 38.Bxd6+ Qxd6 39.Re7+ Kc6 40.Bg2+ Kc5 41.Rc7+ Nc6 42.Qe3+  1-0

[Event "ISL-ch"]
[Site "Gardabaer"]
[Date "1996.??.??"]
[Round "6"]
[White "Bjarnason, Saevar"]
[Black "Ulfarsson, Magnus Orn"]
[Result "1-0"]
[WhiteElo "2305"]
[BlackElo "2290"]

1.d4 Nf6 2.c4 e6 3.Nf3 b6 4.a3 Ba6 5.Qc2 Bb7 6.Nc3 c5 7.e4 cxd4 8.Nxd4 Nc6
9.Nxc6 Bxc6 10.Be2 Qb8 11.f4 Bc5 12.Bf3 e5 13.f5 Bd4 14.Bg5 Qb7 15.Bxf6 gxf6
16.Ne2 Be3 17.Qd3 Bg5 18.h4 Bh6 19.Ng3 Bf8 20.b4 Qc7 21.O-O a5 22.Nh5 Be7
23.Rab1 axb4 24.axb4 Ra4 25.Kh2 Qa7 26.b5 Ba8 27.Bd1 Ra3 28.Bb3 Qb7 29.Rfe1 Rg8
30.Kh3 Kf8 31.Qe3 Qc7 32.g3 Qc5 33.Qxc5 Bxc5 34.Nxf6 Bf2 35.Nxg8 Bxe1 36.Nf6 Bc3
37.Bc2 Bd4 38.Rf1 Rc3 39.Ra1 Rxc2 40.Rxa8+  1-0

[Event "ISL-ch"]
[Site "Gardabaer"]
[Date "1996.??.??"]
[Round "9"]
[White "Gretarsson, Helgi Ass"]
[Black "Olafsson, Helgi"]
[Result "1/2-1/2"]
[WhiteElo "2450"]
[BlackElo "2485"]

1.d4 Nf6 2.c4 e6 3.Nf3 b6 4.a3 Bb7 5.Nc3 d5 6.cxd5 Nxd5 7.Nxd5 Qxd5 8.g3 c5
9.Be3 cxd4 10.Qxd4 Qxd4 11.Bxd4 Nd7 12.Bg2  1/2-1/2

[Event "Eikrem mem"]
[Site "Gausdal"]
[Date "1996.??.??"]
[Round "2"]
[White "Gretarsson, Helgi Ass"]
[Black "Berg, Emanuel"]
[Result "1-0"]
[WhiteElo "2465"]
[BlackElo "2215"]

1.d4 e6 2.Nf3 Nf6 3.c4 b6 4.a3 Bb7 5.Nc3 d5 6.cxd5 exd5 7.Bf4 Bd6 8.Ne5 O-O
9.e3 Nbd7 10.Bb5 Bxe5 11.dxe5 Ne8 12.Bg3 c6 13.Be2 Qe7 14.f4 Nc7 15.e4 f6
16.exf6 Nxf6 17.e5 Nd7 18.O-O g5 19.f5 Nxe5 20.Qd4 Rae8 21.Bh5 Qf6 22.Qa4 Re7
23.Qxa7 Ba6 24.Rfe1 Qxf5 25.h3 Bb5 26.Rxe5 Rxe5 27.Qxc7 Re3 28.Bg4 Qc2 29.Nxd5 Qxb2
30.Nxe3 Qxa1+ 31.Kh2 Qd4 32.Be6+ Kh8 33.Be5+  1-0

[Event "Troll Masters"]
[Site "Gausdal"]
[Date "1996.??.??"]
[Round "3"]
[White "Tjomsland, Stig"]
[Black "Akesson, Ralf"]
[Result "1-0"]
[WhiteElo "2210"]
[BlackElo "2505"]

1.d4 Nf6 2.c4 e6 3.Nf3 b6 4.a3 c5 5.d5 exd5 6.cxd5 g6 7.g3 Bg7 8.Bg2 d6 9.O-O O-O
10.Nc3 Re8 11.Bf4 a6 12.Rc1 h6 13.h3 Ra7 14.b4 Rae7 15.bxc5 bxc5 16.Qb3 Qc7
17.Na4 Nbd7 18.Nd4 Nh5 19.Nc6 Rxe2 20.Bf3 Nxf4 21.gxf4 Bb7 22.Bxe2 Rxe2 23.Qd3 Re8
24.Nc3 Nf6 25.Rfe1 Bxc6 26.dxc6 Rxe1+ 27.Rxe1 Qxc6 28.Rd1 c4 29.Qe3 Kh7 30.Kf1 Nh5
31.Nd5 c3 32.Qe4 f5 33.Nf6+  1-0

[Event "Eikrem mem"]
[Site "Gausdal"]
[Date "1996.??.??"]
[Round "4"]
[White "Gretarsson, Helgi Ass"]
[Black "Agdestein, Simen"]
[Result "1-0"]
[WhiteElo "2465"]
[BlackElo "2600"]

1.d4 Nf6 2.c4 e6 3.Nf3 b6 4.a3 Bb7 5.Nc3 d5 6.cxd5 Nxd5 7.Nxd5 Qxd5 8.g3 c5
9.Be3 cxd4 10.Qxd4 Qxd4 11.Bxd4 f6 12.Bh3 e5 13.Be3 Bd6 14.O-O Ke7 15.Rfd1 Rd8
16.Ng5 Nc6 17.Ne6 Rg8 18.Rac1 g6 19.Rc2 Na5 20.b4 Be4 21.Rc3 Nb7 22.Nc7 Rad8
23.Rc4 Bf5 24.Bg2 Bc8 25.Nd5+ Ke6 26.Nxb6 axb6 27.Bxb6 Ke7 28.Bxd8+ Rxd8
29.Rdc1 Kd7 30.Bh3+ f5 31.e4 Bb8 32.exf5 Nd6 33.fxg6+ Ke7 34.Rxc8 Nxc8 35.Rxc8 hxg6
36.Kf1 Rxc8 37.Bxc8 Kd6 38.Bb7 g5 39.f3 Ba7 40.Ke2 Bg1 41.h4  1-0

[Event "Troll Masters"]
[Site "Gausdal"]
[Date "1996.??.??"]
[Round "5"]
[White "Sokolovs, Andrei"]
[Black "Anderton, David W"]
[Result "1-0"]
[WhiteElo "2495"]
[BlackElo "2195"]

1.d4 Nf6 2.c4 e6 3.Nf3 b6 4.a3 Ba6 5.Qc2 Bb7 6.Nc3 c5 7.e4 cxd4 8.Nxd4 Nc6
9.Nxc6 Bxc6 10.Bf4 Nh5 11.Be3 Qb8 12.g3 f5 13.Rg1 fxe4 14.Nxe4 Qe5 15.Bd3 Nf6
16.Nxf6+ gxf6 17.O-O-O O-O-O 18.Rge1 Qa5 19.Bd2 Qh5 20.Be4 e5 21.Be3 Bh6
22.c5 Bxe3+ 23.Rxe3 b5 24.a4 Qf7 25.Rd6 Kc7 26.axb5 Bxb5 27.Bd5 Qf8 28.Qc3 Rb8
29.Qa5+ Kc8 30.Rb3 a6 31.Rxb5 axb5 32.Rc6+ dxc6 33.Be6+  1-0

[Event "BEL-ch"]
[Site "Geel"]
[Date "1996.??.??"]
[Round "7"]
[White "Goormachtigh, Johan"]
[Black "Cekro, Ekrem"]
[Result "0-1"]
[WhiteElo "2290"]
[BlackElo "2410"]

1.d4 Nf6 2.c4 e6 3.Nf3 b6 4.a3 Ba6 5.Qc2 Bb7 6.Nc3 d6 7.e4 Nbd7 8.Be2 e5
9.d5 Be7 10.O-O O-O 11.Ne1 Ne8 12.b4 g6 13.Nd3 Ng7 14.f4 exf4 15.Bxf4 Bf6
16.Rae1 Qe7 17.Bd1 Ne5 18.Nb5 c6 19.Nd4 Rac8 20.dxc6 Bxc6 21.Nxc6 Rxc6 22.Nxe5 Bxe5
23.Qd3 Ne6 24.g3 a5 25.Be3 axb4 26.axb4 Ra8 27.Bg4 h5 28.Bh3 Rb8 29.Qd5 Rc7
30.Rc1 Ng7 31.Bg2 Ne8 32.Rc2 Nf6 33.Qd3 Ng4 34.Bc1 Rbc8 35.h3 Nf6 36.Be3 Qe6
37.Rfc1 Nd7 38.Bf2 Ra7 39.Kh2 h4 40.Kg1 Rca8 41.gxh4 Ra3 42.Qe2 Rxh3 43.Bxh3 Qxh3
44.Be1 Bd4+ 45.Bf2 Ne5 46.Bxd4 Nf3+ 47.Qxf3 Qxf3 48.Rf2 Qxe4 49.Bf6 Ra3 50.Rcc2 Rh3  0-1

[Event "Geneve op"]
[Site "Geneve"]
[Date "1996.??.??"]
[Round "2"]
[White "Tukmakov, Vladimir B"]
[Black "Grosar, Aljosa"]
[Result "0-1"]
[WhiteElo "2595"]
[BlackElo "2470"]

1.d4 Nf6 2.Nf3 e6 3.c4 b6 4.a3 Ba6 5.Qc2 Bb7 6.Nc3 c5 7.e4 cxd4 8.Nxd4 Bc5
9.Nb3 Nc6 10.Bg5 h6 11.Bh4 Nd4 12.Nxd4 Bxd4 13.O-O-O Bxc3 14.Qxc3 Bxe4 15.Rd4 Bf5
16.g4 Bg6 17.f4 Rc8 18.f5 Bh7 19.Rg1 Ne4 20.Qe1 Ng5 21.Qd1 O-O 22.Bg3 exf5
23.gxf5 Bxf5 24.Bd3 Bxd3 25.Qxd3 b5 26.Kb1 bxc4 27.Qc3 Qf6 28.Rgd1 d5 29.Rxd5 Qxc3
30.bxc3 Rfe8 31.Rd7 Ne4 32.Be1 Rb8+ 33.Kc2 Nc5 34.R7d4 Nd3  0-1

[Event "Geneve op"]
[Site "Geneve"]
[Date "1996.??.??"]
[Round "7"]
[White "Tukmakov, Vladimir B"]
[Black "Razuvaev, Yuri S"]
[Result "1/2-1/2"]
[WhiteElo "2595"]
[BlackElo "2580"]

1.d4 Nf6 2.Nf3 e6 3.c4 b6 4.a3 Bb7 5.Nc3 d5 6.Bg5 Be7 7.Qa4+ c6 8.Bxf6 Bxf6
9.cxd5 exd5 10.g3 O-O 11.Bg2 c5 12.Rd1 Qe7 13.O-O Rd8 14.e3 Na6 15.Rd2 g6
16.Rfd1 cxd4 17.exd4 Nc7 18.Re1 Qd6 19.Ne5 Re8 20.Rde2 Kg7 21.h4 h5 22.Re3 a6
23.f4 b5 24.Qd1 Ne6 25.f5 Nxd4 26.Nxf7 Kxf7 27.fxg6+ Kf8 28.Qxh5 Rxe3 29.Rxe3 Rd8
30.Re1 Bc8 31.Rf1 Nf5 32.Rxf5 Bxf5 33.Qxf5 Kg7 34.Nxd5 Rf8 35.Qh5 Bd4+ 36.Kh2 Qxg6
37.Qe2  1/2-1/2

[Event "Geneve op"]
[Site "Geneve"]
[Date "1996.??.??"]
[Round "9"]
[White "Sulava, Nenad"]
[Black "Olivier, Jean Christophe"]
[Result "1-0"]
[WhiteElo "2480"]
[BlackElo "2280"]

1.d4 Nf6 2.c4 e6 3.Nf3 b6 4.a3 Bb7 5.Nc3 d5 6.Bg5 Be7 7.Bxf6 Bxf6 8.cxd5 exd5
9.g3 O-O 10.Bg2 c5 11.O-O Nc6 12.dxc5 Bxc3 13.bxc3 bxc5 14.Rb1 Rb8 15.Rb5 Qd6
16.Ng5 Ba6 17.Rxb8 Rxb8 18.Bxd5 Rd8 19.Bxf7+ Kf8 20.Qc2 g6 21.Ba2 Re8 22.Qb3 c4
23.Qa4 Ne5 24.Rd1 Bb5 25.Rxd6 Bxa4 26.f4 Ng4 27.Bxc4 Rb8 28.Bd3 Ke7 29.Ra6  1-0

[Event "Oberliga Nord O9596"]
[Site "Germany"]
[Date "1996.??.??"]
[Round "?"]
[White "Knuth, Hannes"]
[Black "Kesik, Klaus Dieter"]
[Result "1-0"]
[WhiteElo "2265"]
[BlackElo "2270"]

1.d4 Nf6 2.c4 e6 3.Nf3 b6 4.a3 Bb7 5.Nc3 d5 6.Bg5 Be7 7.Qc2 Nbd7 8.cxd5 exd5
9.Nb5 O-O 10.Bf4 c5 11.Nd6 Bxd6 12.Bxd6 Re8 13.e3 Rc8 14.Qd1 c4 15.Be2 Ne4
16.Bb4 a5 17.Bc3 b5 18.O-O Qb6 19.Qe1 Ra8 20.Rb1 Bc6 21.Nd2 Ndf6 22.Bf3 b4
23.axb4 axb4 24.Bxb4 Reb8 25.Bc3 Nxc3 26.bxc3 Qa5 27.Nxc4 Qa6 28.Ne5 Bb5
29.c4 Bxc4 30.Nxc4 Rxb1 31.Qxb1 Qxc4 32.Rc1 Qa6 33.g3 Rc8 34.Rc5 g6 35.Qb3 Ne4
36.Rxc8+ Qxc8 37.Qxd5 Qc1+ 38.Kg2 Nd2 39.Be2 h5 40.h4 Qc2 41.Qb5 Qe4+ 42.Kg1 Qc2
43.Qd3 Qc1+ 44.Kg2 f5 45.d5 Ne4 46.Bf3 Qh1+ 47.Kxh1 Nxf2+ 48.Kg2 Nxd3 49.e4 fxe4
50.Bxe4 Ne5 51.Kf2 Kf7 52.Ke3 Kf6 53.Kd4 Nd7 54.d6 g5 55.Kd5 gxh4 56.gxh4 Ne5
57.Bc2 Nf7 58.d7 Ke7 59.Bf5 Kf6 60.Be6 Ke7 61.Bxf7 Kxd7 62.Ke5 Ke7 63.Bc4 Kf8
64.Kf6 Ke8 65.Kg7 Ke7 66.Bf7  1-0

[Event "BL2-W9596"]
[Site "Germany"]
[Date "1996.??.??"]
[Round "?"]
[White "Dautov, Rustem"]
[Black "Balashov, Yuri S"]
[Result "1/2-1/2"]
[WhiteElo "2615"]
[BlackElo "2480"]

1.d4 Nf6 2.c4 e6 3.Nf3 b6 4.a3 Bb7 5.Nc3 Ne4 6.Nxe4 Bxe4 7.e3 Be7 8.Bd3 Bxd3
9.Qxd3 d6 10.d5 e5 11.e4 Nd7 12.Be3 a5 13.b3 O-O 14.O-O Qc8 15.Qc2 g6 16.Bh6 Re8
17.b4 Qa6 18.Rab1 axb4 19.axb4 Qa2 20.Rb2 Qa4 21.Qd3 Nf6 22.Rc1 Bf8 23.Bg5 Bg7
24.Bxf6 Bxf6 25.c5 bxc5 26.bxc5 Reb8 27.Rxb8+  1/2-1/2

[Event "BL2-W9596"]
[Site "Germany"]
[Date "1996.??.??"]
[Round "?"]
[White "Dydyshko, Viacheslav"]
[Black "Chuchelov, Vladimir"]
[Result "0-1"]
[WhiteElo "2575"]
[BlackElo "2510"]

1.d4 Nf6 2.c4 e6 3.Nf3 b6 4.a3 Ba6 5.Qc2 Bb7 6.Nc3 c5 7.e4 cxd4 8.Nxd4 Nc6
9.Nxc6 Bxc6 10.Bf4 Bc5 11.Be2 O-O 12.Rd1 a5 13.O-O Qe7 14.Bg3 e5 15.Rfe1 Rac8
16.Qb1 Bd4 17.Nd5 Bxd5 18.exd5 a4 19.Bh4 Qd6 20.Rd3 Rfe8 21.Red1 Ne4 22.Rh3 f5
23.Bd3 Qg6 24.Bxe4 fxe4 25.b3 Rf8 26.Re1 Qf5 27.Re2 axb3 28.Qxb3 b5 29.Rhe3 bxc4
30.Qc2 Bxe3 31.Rxe3 c3 32.Be7 Qxf2+ 33.Qxf2 Rxf2 34.Kxf2 c2 35.Re1 c1=Q 36.Rxc1 Rxc1
37.Ke3 Kf7 38.Bb4 Rc4 39.h3 Rd4  0-1

[Event "BL2-W9596"]
[Site "Germany"]
[Date "1996.??.??"]
[Round "?"]
[White "Lalic, Bogdan"]
[Black "Romanishin, Oleg M"]
[Result "1/2-1/2"]
[WhiteElo "2575"]
[BlackElo "2590"]

1.Nf3 Nf6 2.c4 e6 3.d4 b6 4.a3 Bb7 5.Nc3 g6 6.Qc2 Bxf3 7.exf3 Bg7 8.d5 O-O
9.Be2 exd5 10.cxd5 c6 11.dxc6 Nxc6 12.Qa4 a6 13.O-O b5 14.Qh4 Nh5 15.Bg5 Bf6
16.f4 h6 17.Bxf6 Qxf6 18.Qxf6 Nxf6 19.Rfd1 Rfd8 20.Rd6 Ne8 21.Rd2 Kf8 22.Rad1 d6
23.h4 Ne7 24.h5 gxh5 25.Bxh5 Rab8 26.Be2 b4 27.axb4 Rxb4 28.Bxa6 Rdb8 29.g3  1/2-1/2

[Event "BL2-O9697"]
[Site "Germany"]
[Date "1996.??.??"]
[Round "?.4"]
[White "Kuraszkiewicz, Michael"]
[Black "Jahn, Constanze"]
[Result "1/2-1/2"]
[WhiteElo "2300"]
[BlackElo "2235"]

1.d4 Nf6 2.c4 e6 3.Nf3 b6 4.a3 Ba6 5.Qc2 d5 6.cxd5 exd5 7.Ne5 c6 8.Bg5 Qd6
9.g3 Nfd7 10.Bf4 Nxe5 11.Bxe5 Qg6 12.Qxg6 hxg6 13.Bg2 Nd7 14.Bf4 Be7 15.Nc3 g5
16.Be3 O-O 17.O-O Rac8 18.Rfe1 f5 19.Rad1 Bf6 20.f3 Rfe8 21.Bc1 c5 22.Nxd5 Bxd4+
23.e3 Be5 24.f4 gxf4 25.gxf4 Bf6 26.Nxf6+ Nxf6 27.Bh3 g6 28.Rd6 Kf7 29.Bg2 Bb5
30.Red1 Ne4 31.Bxe4 Rxe4 32.Kf2 Re6 33.Rxe6 Kxe6 34.Rg1 Be8 35.Bd2 Rd8 36.Bc3 Kf7
37.h4 Ke6 38.Rg5 Rd5 39.Ke1 Rd3 40.Ke2 Rd5 41.Kf2 a6  1/2-1/2

[Event "BL2-S9697"]
[Site "Germany"]
[Date "1996.??.??"]
[Round "?.8"]
[White "Schimpf, Markus"]
[Black "Roederer, Kai"]
[Result "1-0"]
[WhiteElo "2240"]
[BlackElo "2200"]

1.d4 Nf6 2.c4 e6 3.Nf3 b6 4.a3 Bb7 5.Nc3 d5 6.cxd5 Nxd5 7.Qc2 Be7 8.Nxd5 exd5
9.g3 Nd7 10.Bg2 O-O 11.O-O Re8 12.b4 c6 13.Rb1 a5 14.b5 c5 15.dxc5 Bxc5 16.Bb2 Rc8
17.Qd3 Nf6 18.Nd4 Ne4 19.Rbd1 Qf6 20.Ba1 Qg6 21.e3 Rc7 22.Ne2 Nxf2 23.Qxg6 hxg6
24.Rxf2 Rxe3 25.Bd4 Rxa3 26.Nf4 Bxd4 27.Rxd4 Ra1+ 28.Rf1 Rxf1+ 29.Kxf1 Rc1+
30.Kf2 Rb1 31.Bf1 Kf8 32.Nxd5 Bxd5 33.Rxd5 Rb2+ 34.Be2 Ke7 35.Rd4 Rc2 36.Ke3 Rc5
37.Bc4 Rh5 38.h4 f6 39.Bd5 Re5+ 40.Kf2 g5 41.hxg5 Rxg5 42.Bc6 a4 43.Rxa4 Kd6
44.Rc4 Re5 45.Kf3 g6 46.Be4 Rxb5 47.Bxg6 Ke7 48.Re4+ Kf8 49.Kf4 Kg7 50.Bf5 Rb2
51.Re7+ Kf8 52.Rb7 Rb4+ 53.Be4 Rb5 54.g4 Ra5 55.Rxb6 Ke7 56.Rb4 Kf7 57.Rd4 Ra1
58.Rd7+ Ke8 59.Rb7 Ra5 60.Rb5 Ra1 61.Kf5 Rg1 62.Ke6 Kd8 63.Bf5  1-0

[Event "BL2-W9697"]
[Site "Germany"]
[Date "1996.??.??"]
[Round "?.1"]
[White "Delemarre, Jop"]
[Black "Balashov, Yuri S"]
[Result "1/2-1/2"]
[WhiteElo "2360"]
[BlackElo "2530"]

1.d4 Nf6 2.c4 e6 3.Nf3 b6 4.a3 Bb7 5.Nc3 d5 6.Bg5 Be7 7.Qa4+ Qd7 8.Qxd7+ Nbxd7
9.Nb5 Kd8 10.cxd5 Nxd5 11.e4 N5f6 12.Bf4 Ne8 13.Bd3 a6 14.Nc3 h6 15.O-O-O Rf8
16.Kb1 g5 17.Bc1 f6 18.Bc4 Nd6 19.Bd3 f5 20.Rhe1 fxe4 21.Nxe4 Bd5 22.Rd2 g4
23.Ne5 Nxe5 24.dxe5 Nf5 25.Nc3 c6 26.Nxd5 exd5 27.Rc2 c5 28.e6 Nd4 29.Re5 Bd6
30.e7+ Bxe7 31.Rxd5+ Ke8 32.Bg6+ Rf7 33.Rc4 Kf8 34.Bxf7 Kxf7 35.Be3 Bf6 36.Bxd4 Bxd4
37.Rdxd4 cxd4 38.Rxd4 h5 39.Kc2 Ke6 40.Kd2 Rf8 41.Ke3 Rf5 42.h3 gxh3 43.gxh3 a5
44.Rc4 Kd5 45.Rf4 Re5+ 46.Kd3 b5 47.b4 a4 48.Rf6 Re1 49.Rf5+ Kd6 50.Rxb5 Ra1
51.Rxh5 Rxa3+ 52.Kc4 Rf3 53.Rd5+ Kc7 54.Rd3 Rxf2 55.Kb5 Ra2 56.Rg3 Ra1 57.Rg7+ Kb8
58.Kb6 Rc1 59.Rb7+ Kc8 60.Ra7 Kb8 61.b5 Rc3 62.h4 a3 63.h5 Rf3 64.Rb7+ Ka8
65.Rd7 Rf6+ 66.Kc7 a2 67.Rd1 Rf7+ 68.Kc6 Rf6+ 69.Kc7 Rf7+ 70.Kb6 Rf6+ 71.Ka5 Rh6
72.Ra1 Kb7 73.Rxa2 Rxh5 74.Rg2 Rh7 75.Rg6 Rf7 76.Rh6  1/2-1/2

[Event "BL2-N9596"]
[Site "Germany"]
[Date "1996.??.??"]
[Round "?"]
[White "Murdzia, Piotr"]
[Black "Tomczak, Rainer"]
[Result "1/2-1/2"]
[WhiteElo "2375"]
[BlackElo "2320"]

1.d4 Nf6 2.c4 e6 3.Nf3 b6 4.a3 Bb7 5.Nc3 d5 6.Qc2 Be7 7.cxd5 exd5 8.g3 O-O
9.Bg2 Nbd7 10.O-O Re8 11.Bf4 c6 12.Rad1 Nf8 13.Rfe1 Ng6 14.Bg5 Ne4 15.Bxe7 Qxe7
16.e3 Rac8 17.Qa4 Ba8 18.Nd2 Nxc3 19.bxc3 c5 20.Qb3 cxd4 21.cxd4 Qd7 22.a4 Ne7
23.a5 bxa5 24.Ra1 Rb8 25.Qa2 Bc6 26.Qxa5 Rb7 27.Reb1 Reb8 28.Rxb7 Rxb7 29.Bf1 g6
30.Qc3 Bb5 31.Bxb5 Qxb5 32.Rb1 Qc6 33.Rc1 Qxc3 34.Rxc3 a5 35.Ra3 Nc6 36.Rc3 Ne7
37.Ra3 Nc6 38.Rc3  1/2-1/2

[Event "BL9697 (Women)"]
[Site "Germany"]
[Date "1996.??.??"]
[Round "?"]
[White "Lewandowska, Katarzyna"]
[Black "Muller, Anne"]
[Result "1-0"]
[WhiteElo "2020"]
[BlackElo "2135"]

1.d4 Nf6 2.Nf3 e6 3.c4 b6 4.a3 Bb7 5.Nc3 d5 6.cxd5 Nxd5 7.e3 Be7 8.Bb5+ c6
9.Bd3 Nd7 10.e4 Nxc3 11.bxc3 O-O 12.O-O c5 13.Qe2 Re8 14.Rd1 Qc7 15.Be3 Rad8
16.a4 Rc8 17.Bb5 Red8 18.d5 exd5 19.exd5 Nf6 20.Bf4 Bd6 21.Bg5 Nxd5 22.Bxd8 Rxd8
23.Rac1 Nf4 24.Qe3 a6 25.Bc4 Ng6 26.Qe2 Bxf3 27.Qxf3 Ne5 28.Qe2 Nxc4 29.Qxc4 Bxh2+
30.Kh1 Bd6 31.Rd3 Re8 32.Rcd1 Re6 33.Qg4 Rh6+ 34.Rh3 Rxh3+ 35.Qxh3 b5 36.Qd3 Bf8
37.axb5 axb5 38.Qxb5 Qf4 39.Qe2 Qh4+ 40.Kg1 Qf6 41.c4 g6 42.Qe8 Kg7 43.Rd8 Qe7
44.Kf1 h5 45.Qxe7 Bxe7 46.Rd5 g5 47.f4 gxf4 48.Rxh5 Kf6 49.Kf2 Ke6 50.Kf3 Bd6
51.Ke4 f6 52.Rd5 Kd7 53.Kf5 Ke7 54.Rxd6 Kxd6 55.Kxf6  1-0

[Event "NRW-Liga II 9697"]
[Site "Germany"]
[Date "1996.??.??"]
[Round "1.2"]
[White "Gofshtein, Leonid D"]
[Black "Becker, Marcel"]
[Result "1-0"]
[WhiteElo "2540"]
[BlackElo "2110"]

1.d4 e6 2.Nf3 Nf6 3.c4 b6 4.a3 Bb7 5.Nc3 d5 6.Qc2 Be7 7.cxd5 exd5 8.Bf4 O-O
9.e3 Nbd7 10.Bd3 c5 11.O-O Rc8 12.Rad1 Re8 13.Bf5 g6 14.Bh3 cxd4 15.Nxd4 Ne4
16.Ndb5 a6 17.Qe2 Nef6 18.Nd6 Bxd6 19.Bxd6 Rc6 20.Bf4 Nc5 21.Bg5 Rd6 22.b4 Ne6
23.Bxf6 Qxf6 24.Ne4 dxe4 25.Rxd6 Qe5 26.Qd2 Ng5 27.Bd7 Rd8 28.Rd1 h5 29.Qd4 Qe7
30.h4 Nh7 31.Bc6  1-0

[Event "NRW-Liga II 9697"]
[Site "Germany"]
[Date "1996.??.??"]
[Round "4.2"]
[White "Konikowski, Jerzy"]
[Black "Riemersma, Liafbern"]
[Result "0-1"]
[WhiteElo "2345"]
[BlackElo "2390"]

1.d4 Nf6 2.c4 e6 3.Nf3 b6 4.a3 Bb7 5.Nc3 d5 6.cxd5 Nxd5 7.e3 Be7 8.Bb5+ c6
9.Bd3 Nxc3 10.bxc3 c5 11.Bb5+ Bc6 12.a4 O-O 13.O-O Bb7 14.Ba3 Qc7 15.Qe2 Nc6
16.Rfd1 Rfd8 17.Ba6 Na5 18.Bxb7 Nxb7 19.Ne5 Bd6 20.f4 Bxe5 21.fxe5 Rac8 22.Bc1 Na5
23.Bd2 cxd4 24.exd4 Qc4 25.Qxc4 Rxc4 26.Rdb1 Rd5 27.Kf1 f6 28.exf6 gxf6 29.Ke2 e5
30.Rb5 Rd7 31.dxe5 Re4+ 32.Kf3 Rxe5 33.Rxe5 fxe5 34.Be1 Kf7 35.Rb1 Rc7 36.Rb4 Nc4
37.Ke4 Ke6 38.Bf2 Nd6+ 39.Kd3 Kd5 40.Rh4 e4+ 41.Kc2 Rf7 42.Bg3 Nf5 43.Rh5 Kc4
44.Bf4 Nd4+ 45.cxd4 Rxf4 46.Rxh7 Rf2+ 47.Kd1 Kd3 48.Ke1 e3 49.g4 Rg2 50.Kf1 Rxg4
51.Rxa7 e2+ 52.Kf2 Rf4+ 53.Kg3 Re4  0-1

[Event "Gran Canaria op"]
[Site "Gran Canaria"]
[Date "1996.??.??"]
[Round "?"]
[White "Lobron, Eric"]
[Black "Gonzalez, Gu"]
[Result "1-0"]
[WhiteElo "2590"]
[BlackElo "2210"]

1.d4 Nf6 2.Nf3 e6 3.c4 b6 4.a3 Bb7 5.Nc3 d5 6.cxd5 Nxd5 7.e3 Nxc3 8.bxc3 Be7
9.Bb5+ c6 10.Bd3 Nd7 11.O-O c5 12.Qe2 O-O 13.Bb2 Bf6 14.e4 cxd4 15.cxd4 a6
16.Rad1 b5 17.d5 exd5 18.e5 Re8 19.Bxh7+ Kxh7 20.Qd3+ Kg8 21.exf6 Nxf6 22.Nd4 Bc8
23.Qb3 Bd7 24.Rd3 Rc8 25.h3 Rc4 26.Rg3 Nh5 27.Rf3 Nf6 28.Rd1 Ne4 29.Rf4 Qg5
30.Qf3 Re7 31.Nf5 Re8 32.h4 Qf6 33.Nxg7 Rec8 34.Rxd5 Be6 35.Nxe6 Rc1+  1-0

[Event "Graz op"]
[Site "Graz"]
[Date "1996.??.??"]
[Round "?"]
[White "Kozul, Zdenko"]
[Black "Palos, Osman"]
[Result "1-0"]
[WhiteElo "2580"]
[BlackElo "2340"]

1.d4 Nf6 2.Nf3 e6 3.c4 b6 4.a3 Bb7 5.Nc3 Ne4 6.Nxe4 Bxe4 7.Nd2 Bg6 8.g3 Nc6
9.e3 Be7 10.Bg2 O-O 11.O-O a5 12.b3 Bf6 13.Ne4 Bxe4 14.Bxe4 d5 15.cxd5 exd5
16.Bxh7+ Kxh7 17.Qc2+ Kg8 18.Qxc6 Re8 19.Ra2 Re6 20.Qb5 a4 21.b4 c6 22.Qd3 b5
23.f3 Qd7 24.h4 Rd6 25.Rh2 Re8 26.g4 Bd8 27.h5 Rde6 28.Rg2 Rd6 29.Kf2 Bg5
30.Kg1 Qe6 31.f4 Bd8 32.Bd2 Qd7 33.Rf3 Re4 34.Be1 f5 35.Qd1 Rh6 36.Rh3 fxg4
37.Qxg4 Qxg4 38.Rxg4 Kf7 39.Kg2 Bf6 40.Bf2 Re8 41.Kf3 Reh8 42.Rg1 Ke6 43.Rc1 Kd7
44.Kg4 g6 45.Rch1 Be7 46.hxg6 Rxg6+ 47.Kf3 Rxh3+ 48.Rxh3 Bf8 49.Rh7+ Rg7
50.Rh8 Ke8 51.Rh5 Rg6 52.Rh7 Rh6 53.Rxh6 Bxh6 54.e4 dxe4+ 55.Kxe4 Kd7 56.Be3 Bg7
57.f5 Bf6 58.d5 Bb2 59.Bc5 cxd5+ 60.Kxd5 Bxa3 61.f6  1-0

[Event "Graz op"]
[Site "Graz"]
[Date "1996.??.??"]
[Round "?"]
[White "Cebalo, Miso"]
[Black "Bachler, Reinhardt"]
[Result "1-0"]
[WhiteElo "2495"]
[BlackElo "2215"]

1.d4 Nf6 2.Nf3 e6 3.c4 b6 4.a3 Bb7 5.Nc3 Be7 6.Qc2 d6 7.e4 O-O 8.Bd3 Nbd7
9.b4 e5 10.d5 Nh5 11.g3 a5 12.Rb1 Bc8 13.h3 g6 14.Bh6 Re8 15.Kf1 Bf8 16.Be3 Bg7
17.Kg2 Ndf6 18.c5 axb4 19.axb4 bxc5 20.bxc5 Nxe4 21.Nxe4 f5 22.Bg5 fxe4 23.Bxd8 exd3
24.Qb3 Rxd8 25.Ng5 Bf5 26.Ne6 Rd7 27.Rhd1 Nf6 28.Rxd3 Be4+ 29.Kg1 dxc5 30.Nxc5 Bxd3
31.Nxd7 Bxb1 32.Nxf6+ Bxf6 33.Qxb1 Rf8 34.Qc2 Rf7 35.Kg2 Kg7 36.h4 Re7 37.f3 h5
38.Qe4 Re8 39.Kh3 Kf7 40.Qc4 Bd8 41.d6+ Kf6 42.dxc7 Bxc7 43.Qxc7 e4 44.Qf4+  1-0

[Event "Koop Tjuchem op"]
[Site "Groningen"]
[Date "1996.??.??"]
[Round "2"]
[White "Brenninkmeijer, Joris"]
[Black "Safarian, Alek"]
[Result "1-0"]
[WhiteElo "2505"]
[BlackElo "2220"]

1.d4 Nf6 2.c4 e6 3.Nf3 b6 4.a3 Bb7 5.Nc3 d5 6.Qc2 a6 7.cxd5 exd5 8.Bf4 Bd6
9.Bg3 O-O 10.e3 Ne4 11.Bxd6 Qxd6 12.Rc1 Rc8 13.Bd3 f5 14.Qb3 Qe6 15.Bxe4 fxe4
16.Ng5 Qg6 17.h4 Qd6 18.Ncxe4 Qd7 19.Nc5 Qc6 20.Qc2 g6 21.Nxb7 Qxb7 22.h5  1-0

[Event "Haarlem op"]
[Site "Haarlem"]
[Date "1996.??.??"]
[Round "4"]
[White "Farago, Ivan"]
[Black "Van den Doel, Erik"]
[Result "1/2-1/2"]
[WhiteElo "2525"]
[BlackElo "2425"]

1.d4 Nf6 2.c4 e6 3.Nf3 b6 4.a3 Bb7 5.Nc3 d5 6.cxd5 Nxd5 7.Qc2 Be7 8.Bd2 Nd7
9.e4 Nxc3 10.Bxc3 O-O 11.Rd1 c5 12.dxc5 Qc7 13.cxb6 axb6 14.Bb5 Nc5 15.Nd2 Qf4
16.O-O Nxe4 17.Nxe4 Bxe4 18.Qd2 Qf5 19.Qe2 Rfd8 20.f3 Bc2 21.Rc1 Bd3 22.Bxd3 Bc5+
23.Kh1 Qxd3 24.Qe5 Bf8 25.Qe4 Qxe4 26.fxe4 f6 27.g3 Kf7 28.Rfd1 e5 29.Kg2 Ke6
30.Kf3 g6 31.Bd2 Bc5 32.Be3 Rxd1 33.Rxd1 Bxe3 34.Kxe3 f5 35.Rd3 Rc8 36.Rb3 Rc6
37.Rb5 h6 38.Kf3 Rd6 39.Ke3 Rc6 40.Rb4 Kf6 41.a4 Ke6 42.Rb5 Rd6 43.b3 Rc6
44.exf5+ gxf5 45.g4 Kf6 46.gxf5 Kxf5 47.Rb4 h5 48.Kd3 Rd6+ 49.Ke2 Rc6 50.Rh4 Kg5
51.Rc4 Rd6 52.b4 Rd8 53.a5 bxa5 54.bxa5 Ra8 55.Ra4 Ra6 56.h4+ Kf5 57.Kf3 Kf6
58.Ke4 Ke6 59.Ra2 Kf6 60.Ra3 Ke6 61.Ra4 Kf6 62.Kd3 Kf5 63.Ke3 Kf6 64.Kf3 Kf5
65.Ke3 Kf6  1/2-1/2

[Event "Hafnarfjordur op"]
[Site "Hafnarfjordur"]
[Date "1996.??.??"]
[Round "3"]
[White "Edvardsson, Kristjan"]
[Black "Engqvist, Thomas"]
[Result "1/2-1/2"]
[WhiteElo "2200"]
[BlackElo "2375"]

1.d4 Nf6 2.c4 e6 3.Nf3 b6 4.a3 Bb7 5.Nc3 d5 6.cxd5 Nxd5 7.e3 g6 8.Bb5+ c6
9.Bd3 Bg7 10.h4 O-O 11.Ne2 c5 12.dxc5 bxc5 13.Qc2 Qa5+ 14.Bd2 Nb4 15.Qb1 Nxd3+
16.Qxd3 Qa4 17.Bc3 Qe4 18.Qxe4 Bxe4 19.Rc1 Na6 20.Nf4 Bxc3+ 21.Rxc3 Rab8
22.b3 Bxf3 23.gxf3 h5 24.Rg1 Rb6 25.Kd2 Rd8+ 26.Kc2 Rbd6 27.Rd3 Rxd3 28.Nxd3 Kg7
29.Kc3 Nc7 30.Nxc5 Nd5+ 31.Kc2 Rc8 32.b4 a5 33.Kb3 axb4 34.axb4 Rb8 35.Nd3 Ne7
36.Kc4 Nf5 37.Rh1 Rd8 38.e4 Nd4 39.f4 Nf3 40.e5 Nd2+ 41.Kc3 Ne4+ 42.Kc2 Kf8
43.Rh3 Ke7 44.Re3 Rc8+ 45.Kb2 Nc3 46.Re1 Nd5 47.Re4 Nc3 48.Re1 Nd5 49.Re4 Nc3  1/2-1/2